000 00539nam a2200193Ia 4500
003 GCL
008 140319s9999 xx 000 0 eng d
040 _aGCL /
_cGCL
082 0 4 _a338.4791
_bT L
100 1 _aTRIGG, PETER
245 1 0 _aLEISURE AND TOURISM G N V Q: ADVANCED TEXTBOOK /
_cTRIGG, PETER
260 _a[S.N] :
_bBUTTERWORTH HEINEMANN ،
_c1996
300 _a385 P
650 0 4 _aLEISURE INDUSTRY - PROBLEMS
650 0 4 _aTOURISM - PROBLEMS
650 0 4 _aGREAT BRITAIN
650 0 4 _aLEISURE INDUSTRIES
942 _2ddc
_cBK
999 _c13826
_d13826